[Event "British Columbia op"]
[Site "Richmond CAN"]
[Date "2022.02.19"]
[Round "2.10"]
[White "Jiang, Kate"]
[Black "Su, Ethan"]
[Result "1-0"]
[WhiteElo "1877"]
[BlackElo "1943"]
[PlyCount "77"]
[EventDate "2022.02.19"]
[EventType "swiss"]
[EventRounds "6"]
[EventCountry "CAN"]

1. e4 c5 2. c3 Nf6 3. e5 Nd5 4. d4 cxd4 5. cxd4 d6 6. Nf3 Nc6 7. Be2 Nb6 8. O-O
e6 9. Nc3 Be7 10. Bf4 dxe5 11. dxe5 O-O 12. Rc1 Nd5 13. Nxd5 exd5 14. Qb3 Na5
15. Qc3 Be6 16. Rfd1 Nc6 17. a3 Rc8 18. Qd2 Qd7 19. Nd4 Nxd4 20. Qxd4 b6 21.
Qd3 f6 22. Qg3 Bc5 23. exf6 Rxf6 24. b4 Rcf8 25. bxc5 Rxf4 26. c6 Qc7 27. Rd4
R4f7 28. Qe3 Rf6 29. Bf3 Rd8 30. Qd2 Qd6 31. c7 Rc8 32. Bxd5 Bxd5 33. Rxd5 Qxa3
34. Rd8+ Rf8 35. Rxc8 Rxc8 36. Qd5+ Kf8 37. Qf5+ Ke7 38. Re1+ Kd6 39. Qxc8 1-0

[Event "British Columbia op"]
[Site "Richmond CAN"]
[Date "2022.02.20"]
[Round "3.1"]
[White "Cummings, David"]
[Black "Shinn, Jungmin"]
[Result "1/2-1/2"]
[WhiteElo "2405"]
[BlackElo "1972"]
[PlyCount "117"]
[EventDate "2022.02.19"]
[EventType "swiss"]
[EventRounds "6"]
[EventCountry "CAN"]

1. c4 e5 2. Nc3 d6 3. d4 exd4 4. Qxd4 Nc6 5. Qd2 g6 6. b3 Bg7 7. Bb2 Nf6 8. g3
O-O 9. Bg2 Bf5 10. Nh3 Re8 11. O-O Ne4 12. Nxe4 Bxe4 13. f3 Bf5 14. Nf4 Ne5 15.
e4 Be6 16. Rad1 Bxc4 17. Rfe1 Ba6 18. Nd5 f6 19. Nb4 c6 20. f4 Nf7 21. Nxa6
Qb6+ 22. Bd4 Qxa6 23. Qb2 Qa5 24. b4 Qd8 25. a4 Qe7 26. b5 Nd8 27. Qc3 a6 28.
Bb6 c5 29. Bxd8 Raxd8 30. bxa6 bxa6 31. Qc4+ Qe6 32. Qxa6 Ra8 33. Qxd6 Qxd6 34.
Rxd6 Rxa4 35. e5 Rd4 36. Rxd4 cxd4 37. e6 Kf8 38. f5 gxf5 39. Bh3 Ke7 40. Bxf5
h6 41. Rb1 Bf8 42. Kf2 Kd6 43. Ke2 Kd5 44. Rb7 Ke5 45. Rb5+ Kd6 46. Kd3 Kc6 47.
Kc4 d3 48. Rd5 Bd6 49. Rxd3 Rb8 50. Kd4 Rb4+ 51. Ke3 Rb2 52. h3 Rb5 53. Rc3+
Rc5 54. Rxc5+ Bxc5+ 55. Kf4 Ba3 56. Bc2 Kd6 57. Kf5 Ke7 58. Bb3 Bc1 59. h4
1/2-1/2

[Event "British Columbia op"]
[Site "Richmond CAN"]
[Date "2022.02.20"]
[Round "3.2"]
[White "Lin, Leo"]
[Black "Lee, Vicente jr."]
[Result "1-0"]
[WhiteElo "2103"]
[BlackElo "2307"]
[PlyCount "87"]
[EventDate "2022.02.19"]
[EventType "swiss"]
[EventRounds "6"]
[EventCountry "CAN"]

1. e4 c5 2. Nc3 Nc6 3. Bb5 Nd4 4. Bc4 g6 5. Nf3 Bg7 6. Nxd4 cxd4 7. Qf3 Nf6 8.
e5 dxc3 9. dxc3 O-O 10. exf6 Bxf6 11. Be3 Qc7 12. Bb3 d6 13. O-O-O Bd7 14. h4
h5 15. Qg3 Kh7 16. Qf4 Bg7 17. f3 a5 18. a3 a4 19. Ba2 Ra5 20. g4 Rb5 21. Rd3
e5 22. Qc4 Bc6 23. gxh5 gxh5 24. Rhd1 e4 25. Rd5 Rxd5 26. Rxd5 f5 27. fxe4 Be5
28. Qe2 f4 29. Qxh5+ Kg7 30. Qg5+ Kh7 31. Rd1 Qg7 32. Qxg7+ Kxg7 33. Bd4 Bxe4
34. Bxe5+ dxe5 35. Re1 Bg2 36. Rxe5 Kf6 37. Rg5 f3 38. Bd5 Rd8 39. Bxb7 Rb8 40.
Bd5 Rd8 41. Be4 Re8 42. Rf5+ Ke6 43. Rxf3 Ke5 44. Bg6 1-0

[Event "British Columbia op"]
[Site "Richmond CAN"]
[Date "2022.02.20"]
[Round "3.3"]
[White "Yang, Brian"]
[Black "MacKinnon, Keith"]
[Result "0-1"]
[WhiteElo "2056"]
[BlackElo "2284"]
[PlyCount "56"]
[EventDate "2022.02.19"]
[EventType "swiss"]
[EventRounds "6"]
[EventCountry "CAN"]

1. e4 c5 2. Nf3 e6 3. d4 cxd4 4. Nxd4 Nc6 5. Nc3 Qc7 6. Be3 a6 7. Qd2 Nf6 8.
O-O-O b5 9. Nxc6 Qxc6 10. f3 Bb7 11. g4 b4 12. Ne2 d5 13. e5 Nd7 14. Bd4 a5 15.
Kb1 a4 16. Rc1 Be7 17. h4 O-O 18. g5 Nb6 19. Nf4 Nc4 20. Qg2 Bc5 21. Bxc5 Qxc5
22. Nd3 Qd4 23. c3 bxc3 24. bxc3 Qb6+ 25. Ka1 d4 26. Rb1 Qa5 27. cxd4 Qc3+ 28.
Nb2 Ne3 0-1

[Event "British Columbia op"]
[Site "Richmond CAN"]
[Date "2022.02.20"]
[Round "3.4"]
[White "Albitar, Hani"]
[Black "McLaren, Brian"]
[Result "0-1"]
[WhiteElo "2249"]
[BlackElo "2089"]
[PlyCount "118"]
[EventDate "2022.02.19"]
[EventType "swiss"]
[EventRounds "6"]
[EventCountry "CAN"]

1. e4 Nf6 2. e5 Nd5 3. d4 d6 4. c4 Nb6 5. f4 g6 6. Nc3 Bg7 7. Be3 Be6 8. d5 Bc8
9. Nf3 Bg4 10. c5 N6d7 11. h3 Bxf3 12. Qxf3 dxe5 13. O-O-O c6 14. f5 Qa5 15.
dxc6 Nxc6 16. Rxd7 Kxd7 17. Qd5+ Ke8 18. Bc4 Rf8 19. Bb5 Qc7 20. Qf3 e4 21.
Nxe4 gxf5 22. Ng3 e6 23. Bf4 Be5 24. Bxe5 Qxe5 25. Bxc6+ bxc6 26. Qxc6+ Ke7 27.
Qb7+ Kf6 28. Qf3 Rab8 29. Nh5+ Ke7 30. Qa3 Rfc8 31. c6+ Qd6 32. Qxa7+ Rc7 33.
Qf2 Qxc6+ 34. Kb1 Qe4+ 35. Ka1 Rbc8 36. Qd2 f4 37. Rd1 Qc6 38. a3 Rd7 39. Qb4+
Qc5 40. Rxd7+ Kxd7 41. Qa4+ Ke7 42. Nxf4 Qc1+ 43. Ka2 Qc4+ 44. Qxc4 Rxc4 45.
Nd3 Rd4 46. Nb4 Kd6 47. Kb3 Rd2 48. g4 e5 49. a4 e4 50. a5 Kc5 51. a6 Kb6 52.
Kc3 Rd8 53. a7 Kb7 54. Nc2 Rd3+ 55. Kc4 Kxa7 56. h4 Rg3 57. g5 Rg4 58. Kd4 Rxh4
59. Ne3 Rh5 0-1

[Event "British Columbia op"]
[Site "Richmond CAN"]
[Date "2022.02.20"]
[Round "3.5"]
[White "Roback, Joe"]
[Black "Jiang, Kate"]
[Result "1-0"]
[WhiteElo "2014"]
[BlackElo "1877"]
[PlyCount "95"]
[EventDate "2022.02.19"]
[EventType "swiss"]
[EventRounds "6"]
[EventCountry "CAN"]

1. e4 e5 2. Nf3 Nc6 3. Nc3 Nf6 4. Bb5 Bc5 5. Nxe5 Nxe5 6. d4 Bd6 7. f4 Bb4 8.
fxe5 Nxe4 9. O-O Bxc3 10. bxc3 O-O 11. Bd3 f5 12. Ba3 d6 13. Bc4+ Kh8 14. Rf3
Re8 15. Rh3 Ng5 16. Rd3 d5 17. Bb3 a5 18. Bc1 Ne4 19. Rh3 g6 20. a4 c6 21. Bf4
Rg8 22. c4 g5 23. Bc1 f4 24. Rd3 Be6 25. cxd5 cxd5 26. Qe1 Qf8 27. Rf3 Qf5 28.
Qe2 Rac8 29. Bd2 Qf7 30. Qe1 Bg4 31. Bxa5 h5 32. Rf1 h4 33. Qxe4 Qh5 34. Bxd5
Rgf8 35. e6 h3 36. e7 Rf5 37. Be6 hxg2 38. Rf2 Re8 39. Bxf5 Bxf5 40. Qxf5 Rxe7
41. Qf8+ Kh7 42. Qxe7+ Kg8 43. Rxg2 g4 44. Qe6+ Kf8 45. Bb4+ Kg7 46. Rxg4+ Kh7
47. Qg8+ Kh6 48. Qg7# 1-0

[Event "British Columbia op"]
[Site "Richmond CAN"]
[Date "2022.02.20"]
[Round "3.6"]
[White "Yang, Jingyun (Ryan)"]
[Black "Verdon, Norman"]
[Result "1-0"]
[WhiteElo "1812"]
[BlackElo "2011"]
[PlyCount "59"]
[EventDate "2022.02.19"]
[EventType "swiss"]
[EventRounds "6"]
[EventCountry "CAN"]

1. e4 c5 2. Nf3 e6 3. d4 cxd4 4. Nxd4 Nf6 5. Bd3 Nc6 6. Nxc6 dxc6 7. O-O e5 8.
Bg5 h6 9. Bh4 Be7 10. Nd2 Be6 11. Qe2 Qc7 12. Bc4 Bxc4 13. Nxc4 b5 14. Ne3 g5
15. Bg3 Nxe4 16. Nf5 Nxg3 17. fxg3 Bc5+ 18. Kh1 O-O-O 19. a4 a6 20. axb5 axb5
21. b4 Bb6 22. c4 Bd4 23. Ra8+ Kb7 24. Rxd8 Rxd8 25. cxb5 cxb5 26. Qxb5+ Qb6
27. Nxd4 Rxd4 28. Rxf7+ Kc8 29. Qxb6 Rd1+ 30. Qg1 1-0

[Event "British Columbia op"]
[Site "Richmond CAN"]
[Date "2022.02.20"]
[Round "3.7"]
[White "Kenney, Jason"]
[Black "Levin, Chris"]
[Result "1-0"]
[WhiteElo "2285"]
[BlackElo "1942"]
[PlyCount "127"]
[EventDate "2022.02.19"]
[EventType "swiss"]
[EventRounds "6"]
[EventCountry "CAN"]

1. e4 c5 2. Nc3 d6 3. d4 cxd4 4. Qxd4 Nc6 5. Qd2 g6 6. b3 Bg7 7. Bb2 Bd7 8.
Nge2 h5 9. O-O-O Nf6 10. Kb1 Ng4 11. Qe1 Kf8 12. h3 Nf6 13. f4 b5 14. Ng1 a6
15. Nf3 Qa5 16. Qe3 Rc8 17. Bd3 Nb4 18. a3 Nxd3 19. Rxd3 Qc7 20. Rd2 Qc5 21.
Qxc5 Rxc5 22. e5 Ne8 23. Ne4 Rc6 24. exd6 Nxd6 25. Nxd6 Rxd6 26. Rxd6 exd6 27.
Rd1 Bxb2 28. Kxb2 Ke7 29. Nd4 Rc8 30. Rd3 Rc5 31. h4 Bg4 32. Rc3 Bd7 33. b4
Rxc3 34. Kxc3 d5 35. Kd3 Kd6 36. Nb3 Bf5+ 37. Kc3 Bc8 38. Kd4 f6 39. Nc5 Kc6
40. c3 Kd6 41. a4 Kc6 42. a5 Kd6 43. Ke3 Kc6 44. f5 gxf5 45. Nb3 Kd6 46. Kf4 d4
47. Nxd4 Kd5 48. Ne2 Kc4 49. Ke3 Bb7 50. g3 Be4 51. Kd2 Bf3 52. Nf4 Bg4 53. Nd3
Bh3 54. Nf4 Bg4 55. Ng2 Kd5 56. Kd3 Bf3 57. Nf4+ Ke5 58. c4 bxc4+ 59. Kxc4 Kd6
60. b5 axb5+ 61. Kxb5 Kc7 62. a6 Kb8 63. Kb6 Kc8 64. a7 1-0

[Event "British Columbia op"]
[Site "Richmond CAN"]
[Date "2022.02.20"]
[Round "3.8"]
[White "Taylor, Ashton"]
[Black "Mohammed Qanee, Arpak Worya"]
[Result "1/2-1/2"]
[WhiteElo "1806"]
[BlackElo "2188"]
[PlyCount "95"]
[EventDate "2022.02.19"]
[EventType "swiss"]
[EventRounds "6"]
[EventCountry "CAN"]

1. e4 d5 2. exd5 Nf6 3. Nf3 Qxd5 4. Nc3 Qa5 5. Be2 Bg4 6. d3 c6 7. Nd2 Bxe2 8.
Qxe2 e6 9. O-O Nbd7 10. Nc4 Qc7 11. Qf3 Bd6 12. Nxd6+ Qxd6 13. a3 O-O 14. Re1
a5 15. Ne4 Nxe4 16. Rxe4 f5 17. Re1 e5 18. Qg3 Qc5 19. c3 Rae8 20. Bd2 f4 21.
Qf3 Qd5 22. Qxd5+ cxd5 23. c4 dxc4 24. dxc4 a4 25. f3 Rf6 26. Rad1 Nb6 27. Re4
Rd8 28. Kf2 Rc6 29. Ke2 Nxc4 30. Bc3 Rxd1 31. Kxd1 Rc5 32. Ke2 b5 33. g3 g5 34.
h4 h6 35. hxg5 hxg5 36. gxf4 gxf4 37. Kd3 Rd5+ 38. Kc2 Kf7 39. b3 axb3+ 40.
Kxb3 Rd3 41. Kb4 Ke6 42. a4 Kd5 43. axb5 Rd1 44. Re1 Rxe1 45. Bxe1 Kd4 46. b6
Nxb6 47. Bf2+ Kd3 48. Bxb6 1/2-1/2

[Event "British Columbia op"]
[Site "Richmond CAN"]
[Date "2022.02.20"]
[Round "3.10"]
[White "Leong, Ryan"]
[Black "Trenton, Isaac"]
[Result "0-1"]
[WhiteElo "1971"]
[BlackElo "1732"]
[PlyCount "120"]
[EventDate "2022.02.19"]
[EventType "swiss"]
[EventRounds "6"]
[EventCountry "CAN"]

1. Nf3 Nf6 2. g3 e6 3. Bg2 d5 4. O-O Be7 5. d4 O-O 6. b3 c5 7. e3 Nc6 8. Bb2
Qc7 9. Nbd2 Rd8 10. a3 b6 11. Rc1 cxd4 12. exd4 Bb7 13. Re1 Rac8 14. b4 a6 15.
Bf1 Ne8 16. Bd3 Bf6 17. Qe2 Ra8 18. c3 g6 19. Nf1 Bg7 20. Rc2 Nd6 21. Bc1 Ne7
22. Ne3 Rf8 23. Ng4 Bc6 24. Bf4 Bb5 25. Bxb5 axb5 26. Nh6+ Kh8 27. Be5 Ng8 28.
Bxg7+ Kxg7 29. Nxg8 Kxg8 30. Ne5 Rxa3 31. Ng4 Ne4 32. f3 Rxc3 33. Rxc3 Nxc3 34.
Qd2 h5 35. Nf6+ Kg7 36. Qg5 Rh8 37. Kf2 Qc4 38. Qe5 Kf8 39. Nd7+ Ke7 40. Nxb6
Qa2+ 41. Kg1 Qa7 42. Nxd5+ Nxd5 43. Qxh8 Nxb4 44. Qe5 Nd3 45. Qg5+ f6 46. Rxe6+
Kxe6 47. Qe3+ Kd5 48. Qe4+ Kc4 49. Qc6+ Kxd4 50. Qxb5 Kc3+ 51. Kg2 Qa2+ 52. Kh3
Qe6+ 53. Kh4 Qc4+ 54. Qxc4+ Kxc4 55. f4 Kd4 56. f5 g5+ 57. Kxh5 Ke5 58. Kg6 g4
59. Kh5 Kxf5 60. Kh4 Ne5 0-1

[Event "British Columbia op"]
[Site "Richmond CAN"]
[Date "2022.02.20"]
[Round "4.1"]
[White "MacKinnon, Keith"]
[Black "Lin, Leo"]
[Result "1-0"]
[WhiteElo "2284"]
[BlackElo "2103"]
[PlyCount "113"]
[EventDate "2022.02.19"]
[EventType "swiss"]
[EventRounds "6"]
[EventCountry "CAN"]

1. c4 Nf6 2. Nc3 e5 3. Nf3 Nc6 4. g3 d5 5. cxd5 Nxd5 6. Bg2 Be6 7. O-O Qd7 8.
Ng5 Nxc3 9. dxc3 Qxd1 10. Rxd1 Bc4 11. b3 Ba6 12. Bd5 Nd8 13. c4 c6 14. Be4 g6
15. Bb2 f6 16. Nh3 Ne6 17. f4 Bc5+ 18. Kg2 exf4 19. gxf4 Ke7 20. f5 gxf5 21.
Bxf5 Rhg8+ 22. Kf3 h6 23. Nf4 Ng5+ 24. Kg4 Rad8 25. Kh5 Be3 26. Ng6+ Kf7 27. h4
Ne6 28. Bxe6+ Kxe6 29. Rxd8 Rxd8 30. Rf1 f5 31. Bc1 Bxc1 32. Rxc1 Rd4 33. Kxh6
Kf6 34. h5 b6 35. Rg1 Bc8 36. Nh8 Rg4 37. Rd1 Rg8 38. Ng6 Be6 39. Rd6 c5 40.
Rc6 Ra8 41. Kh7 Rc8 42. Rxc8 Bxc8 43. h6 f4 44. Nxf4 Bf5+ 45. Kg8 Kg5 46. Nd5
Kxh6 47. Kf7 a6 48. Kf6 Bb1 49. Nc3 Bc2 50. e4 b5 51. e5 bxc4 52. bxc4 Bg6 53.
e6 Kh5 54. e7 Be8 55. Ne4 Kg4 56. Ke5 Kf3 57. Nf6 1-0

[Event "British Columbia op"]
[Site "Richmond CAN"]
[Date "2022.02.20"]
[Round "4.2"]
[White "Roback, Joe"]
[Black "Cummings, David"]
[Result "0-1"]
[WhiteElo "2014"]
[BlackElo "2405"]
[PlyCount "106"]
[EventDate "2022.02.19"]
[EventType "swiss"]
[EventRounds "6"]
[EventCountry "CAN"]

1. e4 c6 2. Nf3 d5 3. Nc3 dxe4 4. Nxe4 Nf6 5. Qe2 Nxe4 6. Qxe4 Qa5 7. Bc4 Bf5
8. Qf4 e6 9. O-O Nd7 10. c3 Be7 11. Re1 O-O-O 12. Nd4 Bg6 13. b4 Qc7 14. Qe3
Nb6 15. Bb3 Bd6 16. Qh3 Kb8 17. a4 Nd5 18. Bxd5 exd5 19. d3 Qd7 20. Qf3 h5 21.
Bf4 Rhe8 22. Bxd6+ Qxd6 23. Re3 Rxe3 24. Qxe3 f6 25. Rd1 Re8 26. Qg3 Qxg3 27.
hxg3 Kc8 28. Kf1 Kd7 29. Ne2 Bf7 30. Re1 b6 31. d4 g5 32. Nc1 Ra8 33. Nd3 a5
34. Ra1 Kd6 35. Ke2 Be6 36. Nc1 Bc8 37. Nb3 Ba6+ 38. Kd1 Bf1 39. bxa5 bxa5 40.
Nc5 Rb8 41. Kc2 Bxg2 42. Re1 Bh3 43. c4 Bf5+ 44. Kc3 Rb4 45. cxd5 Kxd5 46. Re8
Rc4+ 47. Kb2 Rxd4 48. Nb3 Rxa4 49. Rh8 h4 50. gxh4 gxh4 51. Rd8+ Ke5 52. Ra8 h3
53. Nxa5 Kf4 0-1

[Event "British Columbia op"]
[Site "Richmond CAN"]
[Date "2022.02.20"]
[Round "4.3"]
[White "Shinn, Jungmin"]
[Black "Yang, Jingyun (Ryan)"]
[Result "1/2-1/2"]
[WhiteElo "1972"]
[BlackElo "1812"]
[PlyCount "68"]
[EventDate "2022.02.19"]
[EventType "swiss"]
[EventRounds "6"]
[EventCountry "CAN"]

1. Nf3 Nf6 2. c4 g6 3. d4 Bg7 4. g3 O-O 5. Bg2 c6 6. Nbd2 d5 7. O-O Nbd7 8. b3
dxc4 9. Nxc4 Nb6 10. Re1 Nxc4 11. bxc4 Bf5 12. Bb2 Qb6 13. Qb3 Be4 14. e3 Nd7
15. Rac1 Nc5 16. Qa3 Nd3 17. Ng5 Bf5 18. e4 Bxd4 19. Qxd3 Bxf2+ 20. Kh1 Bxe1
21. exf5 Qxb2 22. Rxe1 Rad8 23. Qe4 Qf6 24. Qh4 h5 25. fxg6 fxg6 26. Ne6 Qxe6
27. Rxe6 Rd1+ 28. Bf1 Rdxf1+ 29. Kg2 R8f2+ 30. Kh3 Rh1 31. Rxg6+ Kf8 32. Rg8+
Kxg8 33. Qg5+ Kf8 34. Qh6+ Kg8 1/2-1/2

[Event "British Columbia op"]
[Site "Richmond CAN"]
[Date "2022.02.20"]
[Round "4.4"]
[White "Lee, Vicente jr."]
[Black "Xu, Andrew"]
[Result "1-0"]
[WhiteElo "2307"]
[BlackElo "1727"]
[PlyCount "79"]
[EventDate "2022.02.19"]
[EventType "swiss"]
[EventRounds "6"]
[EventCountry "CAN"]

1. e4 e5 2. Nf3 Nc6 3. Bb5 a6 4. Ba4 Nf6 5. O-O Be7 6. Re1 b5 7. Bb3 d6 8. c3
O-O 9. h3 h6 10. d4 Re8 11. Nbd2 Bf8 12. a3 Bb7 13. Bc2 g6 14. Nf1 Bg7 15. Ng3
Rc8 16. b3 Nb8 17. Bb2 Nbd7 18. a4 c5 19. d5 b4 20. Nd2 a5 21. Nc4 Qc7 22. Rc1
Ba6 23. Bd3 Bxc4 24. Bxc4 Qa7 25. Qd3 Nb6 26. Bb5 Red8 27. Rc2 Rc7 28. Bc6 Nbd7
29. Bc1 Nb8 30. Bb5 Rdc8 31. Be3 Qb7 32. Rec1 bxc3 33. Rxc3 Qb6 34. Nf1 Ra7 35.
Nd2 Qd8 36. R3c2 Ne8 37. Nc4 Nc7 38. Nxd6 Nxb5 39. Nxc8 Qxc8 40. Rxc5 1-0

[Event "British Columbia op"]
[Site "Richmond CAN"]
[Date "2022.02.20"]
[Round "4.6"]
[White "Trenton, Isaac"]
[Black "Yang, Brian"]
[Result "1/2-1/2"]
[WhiteElo "1732"]
[BlackElo "2056"]
[PlyCount "104"]
[EventDate "2022.02.19"]
[EventType "swiss"]
[EventRounds "6"]
[EventCountry "CAN"]

1. e4 c5 2. Nf3 e6 3. d4 cxd4 4. Nxd4 Nc6 5. Nc3 Qc7 6. Be3 a6 7. Nxc6 bxc6 8.
f4 d5 9. e5 Bb7 10. Qg4 Nh6 11. Qh3 Nf5 12. Bd3 g6 13. Bxf5 gxf5 14. Ne2 c5 15.
c3 h5 16. O-O a5 17. Kh1 Be7 18. Ng1 O-O-O 19. Nf3 Rhg8 20. a3 a4 21. Rab1 Ba6
22. Rf2 Bd3 23. Rd1 Be4 24. Rc1 h4 25. Nd2 f6 26. exf6 Bxf6 27. b3 Rg4 28. bxa4
Rh8 29. Kg1 c4 30. Nf3 Bxf3 31. Rxf3 Qa5 32. Rf2 Bxc3 33. Bb6 Qxb6 34. Qxc3
Rhg8 35. Kf1 Kd7 36. Qe5 Qd6 37. Qd4 Ra8 38. Rb1 Qxa3 39. Qb6 Qxa4 40. Qb7+ Ke8
41. Qh7 Qa6 42. Kg1 Qa7 43. Rb7 Qa1+ 44. Rf1 Rxg2+ 45. Kxg2 Ra2+ 46. Rf2 Rxf2+
47. Kxf2 Qd4+ 48. Ke1 Qe3+ 49. Kd1 Qd3+ 50. Kc1 Qc3+ 51. Kb1 Qd3+ 52. Ka2 Qd2+
1/2-1/2

[Event "British Columbia op"]
[Site "Richmond CAN"]
[Date "2022.02.20"]
[Round "4.7"]
[White "Leong, Aiden"]
[Black "Albitar, Hani"]
[Result "0-1"]
[WhiteElo "1627"]
[BlackElo "2249"]
[PlyCount "60"]
[EventDate "2022.02.19"]
[EventType "swiss"]
[EventRounds "6"]
[EventCountry "CAN"]

1. e4 e5 2. Nf3 Nc6 3. Bc4 Bc5 4. c3 Nf6 5. d3 a6 6. O-O d6 7. Re1 Ba7 8. a4
O-O 9. Nbd2 Ng4 10. Re2 Kh8 11. h3 f5 12. exf5 Nh6 13. Nf1 Nxf5 14. Be3 Nxe3
15. Nxe3 Bxh3 16. Nxe5 Nxe5 17. gxh3 Qh4 18. Be6 Rf6 19. Bg4 Nxg4 20. Nxg4 Qg3+
21. Kh1 Qxh3+ 22. Nh2 Rh6 23. f4 Rf8 24. Qd2 Qf3+ 25. Rg2 Be3 26. Qe2 Qxf4 27.
Rg4 Rxh2+ 28. Qxh2 Qxg4 29. Re1 Rf5 30. Rxe3 Rf1+ 0-1

[Event "British Columbia op"]
[Site "Richmond CAN"]
[Date "2022.02.20"]
[Round "4.8"]
[White "Mohammed Qanee, Arpak Worya"]
[Black "Liu, Zachary"]
[Result "1-0"]
[WhiteElo "2188"]
[BlackElo "1678"]
[PlyCount "123"]
[EventDate "2022.02.19"]
[EventType "swiss"]
[EventRounds "6"]
[EventCountry "CAN"]

1. e4 c5 2. f4 d5 3. exd5 Qxd5 4. Nc3 Qd8 5. Nf3 Nf6 6. b3 g6 7. Bb5+ Bd7 8.
Qe2 Bg7 9. Bb2 O-O 10. Bxd7 Nbxd7 11. O-O Re8 12. Rae1 a6 13. Ne5 e6 14. Qf3
Qc7 15. Ne4 Nxe4 16. Qxe4 Nf6 17. Qf3 Rad8 18. d3 Nd5 19. a3 b5 20. c4 Nb6 21.
Rd1 Nc8 22. Rf2 Ne7 23. Rc2 Qb6 24. Rcd2 Nf5 25. g3 Nd4 26. Bxd4 Rxd4 27. Qc6
Qxc6 28. Nxc6 Rd6 29. Ne5 Red8 30. Kf2 g5 31. Ke3 f6 32. Nf3 g4 33. Ne1 f5 34.
Nc2 Bc3 35. Re2 Kf7 36. h3 h5 37. hxg4 hxg4 38. Rh2 Kg6 39. Ke2 e5 40. Ne3 exf4
41. gxf4 Re6 42. Rdh1 Bg7 43. Kd2 Rb8 44. Rh5 Ree8 45. Rg5+ Kf6 46. Nd5+ Kf7
47. Rh7 Rg8 48. Rxf5+ Ke6 49. Rg5 Bd4 50. Rh6+ Kf7 51. Rf5+ Ke8 52. Rh7 g3 53.
Nc7+ Kd8 54. Ne6+ Ke8 55. Rff7 Rg7 56. Rfxg7 Bxg7 57. Rxg7 Rb6 58. f5 bxc4 59.
bxc4 g2 60. Kc3 Rb1 61. f6 Rf1 62. Re7# 1-0

[Event "British Columbia op"]
[Site "Richmond CAN"]
[Date "2022.02.20"]
[Round "4.9"]
[White "Jiang, Kate"]
[Black "Taylor, Ashton"]
[Result "1/2-1/2"]
[WhiteElo "1877"]
[BlackElo "1806"]
[PlyCount "121"]
[EventDate "2022.02.19"]
[EventType "swiss"]
[EventRounds "6"]
[EventCountry "CAN"]

1. e4 e5 2. Nf3 Nf6 3. Nxe5 d6 4. Nf3 Nxe4 5. d3 Nf6 6. Nc3 Be7 7. Be2 O-O 8.
O-O Nc6 9. Bf4 h6 10. d4 a6 11. d5 Nb8 12. Qd3 Nbd7 13. Rfe1 Nc5 14. Qd2 Nfe4
15. Nxe4 Nxe4 16. Qd4 Nc5 17. Qd2 Ne4 18. Qd1 Bf6 19. c3 Bg4 20. Qc2 Nc5 21.
Nd2 Bxe2 22. Rxe2 Bg5 23. Qf5 Bxf4 24. Qxf4 Nd3 25. Qf5 Ne5 26. Rae1 Qh4 27. h3
g6 28. Qc2 f5 29. b3 Kf7 30. Re3 Rae8 31. Nf1 Nd7 32. Qe2 Re5 33. g3 Qf6 34. f4
Rxe3 35. Qxe3 Nc5 36. Nd2 Ne4 37. Nxe4 fxe4 38. Qxe4 Qxc3 39. Kg2 Kg7 40. h4 h5
41. Re2 Rf7 42. Rc2 Qf6 43. Re2 Qc3 44. Kh3 Qf6 45. Kh2 Qc3 46. Rc2 Qf6 47. a4
Re7 48. Qb4 Qf5 49. Rd2 Qg4 50. Qc3+ Kf7 51. Qd3 a5 52. Rf2 Qf5 53. Qb5 b6 54.
Qc4 Ke8 55. Rc2 Qg4 56. Qd3 Qf5 57. Qc4 Qg4 58. Qb5+ Kd8 59. Qd3 Qf5 60. Rd2
Qg4 61. Kg2 1/2-1/2

[Event "British Columbia op"]
[Site "Richmond CAN"]
[Date "2022.02.20"]
[Round "4.10"]
[White "Verdon, Norman"]
[Black "Guo, Veronica (Yu Han)"]
[Result "1/2-1/2"]
[WhiteElo "2011"]
[BlackElo "1881"]
[PlyCount "53"]
[EventDate "2022.02.19"]
[EventType "swiss"]
[EventRounds "6"]
[EventCountry "CAN"]

1. e4 c6 2. d4 d5 3. exd5 cxd5 4. Bd3 Nf6 5. h3 Nc6 6. c3 g6 7. Nf3 Bf5 8. O-O
Bxd3 9. Qxd3 Bg7 10. Nbd2 O-O 11. Re1 Rb8 12. Ne5 Qc7 13. f4 e6 14. g4 b5 15.
f5 Nxe5 16. dxe5 Nd7 17. f6 Nxe5 18. Rxe5 Bxf6 19. Re2 b4 20. cxb4 Rxb4 21. Nf1
Rfb8 22. Qf3 Bxb2 23. Rxb2 Rxb2 24. Qf6 Qc2 25. Bd2 Qc5+ 26. Be3 Qc2 27. Bd2
1/2-1/2

[Event "British Columbia op"]
[Site "Richmond CAN"]
[Date "2022.02.21"]
[Round "5.1"]
[White "Cummings, David"]
[Black "MacKinnon, Keith"]
[Result "1/2-1/2"]
[WhiteElo "2405"]
[BlackElo "2284"]
[PlyCount "51"]
[EventDate "2022.02.19"]
[EventType "swiss"]
[EventRounds "6"]
[EventCountry "CAN"]

1. c4 c5 2. Nf3 Nf6 3. Nc3 d5 4. cxd5 Nxd5 5. e3 Nxc3 6. bxc3 g6 7. h4 h6 8. h5
g5 9. Bb5+ Bd7 10. Ne5 Bxb5 11. Qb3 e6 12. Qxb5+ Nd7 13. Rb1 Rb8 14. c4 a6 15.
Qxd7+ Qxd7 16. Nxd7 Kxd7 17. Bb2 Rg8 18. a4 b5 19. axb5 axb5 20. Be5 Bd6 21.
Bxd6 Kxd6 22. cxb5 Rb7 23. Ke2 Rgb8 24. g4 Rxb5 25. Ra1 Kd5 26. f3 1/2-1/2

[Event "British Columbia op"]
[Site "Richmond CAN"]
[Date "2022.02.21"]
[Round "5.2"]
[White "McLaren, Brian"]
[Black "Lee, Vicente jr."]
[Result "0-1"]
[WhiteElo "2089"]
[BlackElo "2307"]
[PlyCount "44"]
[EventDate "2022.02.19"]
[EventType "swiss"]
[EventRounds "6"]
[EventCountry "CAN"]

1. e4 c5 2. Nc3 Nc6 3. g3 g6 4. Bg2 Bg7 5. d3 d6 6. Nge2 e6 7. Be3 Nd4 8. O-O
Ne7 9. Re1 O-O 10. Qd2 Rb8 11. Nd1 b6 12. c3 Nxe2+ 13. Rxe2 Ba6 14. c4 Nc6 15.
Rc1 Nd4 16. Re1 b5 17. cxb5 Rxb5 18. Bh6 Qa5 19. Nc3 Bxh6 20. Qxh6 Rxb2 21. g4
Nc2 22. e5 Qxc3 0-1

[Event "British Columbia op"]
[Site "Richmond CAN"]
[Date "2022.02.21"]
[Round "5.3"]
[White "Kenney, Jason"]
[Black "Yang, Jingyun (Ryan)"]
[Result "1-0"]
[WhiteElo "2285"]
[BlackElo "1812"]
[PlyCount "75"]
[EventDate "2022.02.19"]
[EventType "swiss"]
[EventRounds "6"]
[EventCountry "CAN"]

1. d4 Nf6 2. Nf3 g6 3. c4 Bg7 4. Nc3 d5 5. cxd5 Nxd5 6. e4 Nxc3 7. bxc3 c5 8.
Be3 O-O 9. Be2 Bg4 10. O-O Bxf3 11. Bxf3 cxd4 12. cxd4 e6 13. Rb1 Nc6 14. d5
exd5 15. exd5 Na5 16. Qa4 b6 17. Rfd1 Rc8 18. Be2 Be5 19. Bb5 Qc7 20. Qh4 f5
21. Bh6 Rf7 22. Rbc1 Qb8 23. Rxc8+ Qxc8 24. d6 Bf6 25. Qa4 Nb7 26. Bc4 Nc5 27.
d7 Qd8 28. Bxf7+ Kxf7 29. Qc4+ Ne6 30. Rd6 Qe7 31. d8=N+ Ke8 32. Rxe6 b5 33.
Rxe7+ Bxe7 34. Qg8+ Kd7 35. Qd5+ Ke8 36. Nc6 b4 37. Qe6 b3 38. Qxe7# 1-0

[Event "British Columbia op"]
[Site "Richmond CAN"]
[Date "2022.02.21"]
[Round "5.4"]
[White "Lin, Leo"]
[Black "Shinn, Jungmin"]
[Result "0-1"]
[WhiteElo "2103"]
[BlackElo "1972"]
[PlyCount "114"]
[EventDate "2022.02.19"]
[EventType "swiss"]
[EventRounds "6"]
[EventCountry "CAN"]

1. e4 e6 2. d4 d5 3. Nd2 c5 4. c3 cxd4 5. cxd4 Nc6 6. exd5 Qxd5 7. Ndf3 Bb4+ 8.
Bd2 Bd7 9. Bxb4 Nxb4 10. Be2 Rc8 11. Kf1 Nf6 12. Ne5 Bb5 13. Qb3 Bxe2+ 14. Nxe2
Qxb3 15. axb3 a6 16. f3 Ke7 17. Kf2 Nfd5 18. Rhd1 Rc2 19. Nc4 b5 20. Na5 Nf4
21. Re1 Nfd3+ 22. Ke3 Nxe1 23. Rxe1 Rxb2 24. Nf4 Nc2+ 25. Kd2 Nxe1+ 26. Kxe1
Rc8 27. Nd3 Rxg2 28. Nc5 Rxh2 29. b4 Rxc5 30. dxc5 h5 31. Nc6+ Ke8 32. Nb8 Ra2
33. Kf1 a5 34. Nc6 axb4 35. Nxb4 Ra1+ 36. Kg2 Kd7 37. Nd3 Kc6 38. Kf2 Ra3 39.
Ne5+ Kxc5 40. Nxf7 b4 41. Ke2 b3 42. Kd2 b2 43. Kc2 Rxf3 44. Ne5 Rf2+ 45. Kb1
Rh2 46. Nd3+ Kb6 47. Ne5 Kb7 48. Ng6 Ka8 49. Nf8 h4 50. Nxe6 Rg2 51. Nf4 Rh2
52. Ng6 Ka7 53. Ka2 Kb6 54. Kb1 Ka5 55. Ka2 Kb4 56. Ne5 Kc3 57. Nc6 Rh1 0-1